<?xml version="1.0" encoding="UTF-8"?><?xml-stylesheet type="text/xsl" href="static/style.xsl"?><OAI-PMH xmlns="http://www.openarchives.org/OAI/2.0/" xmlns:xsi="http://www.w3.org/2001/XMLSchema-instance" xsi:schemaLocation="http://www.openarchives.org/OAI/2.0/ http://www.openarchives.org/OAI/2.0/OAI-PMH.xsd"><responseDate>2026-04-13T04:11:19Z</responseDate><request verb="GetRecord" identifier="oai:www.recercat.cat:2099.1/16696" metadataPrefix="marc">https://recercat.cat/oai/request</request><GetRecord><record><header><identifier>oai:recercat.cat:2099.1/16696</identifier><datestamp>2025-07-17T15:13:00Z</datestamp><setSpec>com_2072_1033</setSpec><setSpec>col_2072_452951</setSpec></header><metadata><record xmlns="http://www.loc.gov/MARC21/slim" xmlns:dcterms="http://purl.org/dc/terms/" xmlns:xsi="http://www.w3.org/2001/XMLSchema-instance" xmlns:doc="http://www.lyncode.com/xoai" xsi:schemaLocation="http://www.loc.gov/MARC21/slim http://www.loc.gov/standards/marcxml/schema/MARC21slim.xsd">
   <leader>00925njm 22002777a 4500</leader>
   <datafield ind2=" " ind1=" " tag="042">
      <subfield code="a">dc</subfield>
   </datafield>
   <datafield ind2=" " ind1=" " tag="720">
      <subfield code="a">Farell Rodríguez, Albert</subfield>
      <subfield code="e">author</subfield>
   </datafield>
   <datafield ind2=" " ind1=" " tag="260">
      <subfield code="c">2012-06</subfield>
   </datafield>
   <datafield ind2=" " ind1=" " tag="520">
      <subfield code="a">El projecte és una regeneració dels voltants de la plaça de l’estació a Valldoreix. Consisteix en una xarxa d’intervencions puntuals que reformulen la mobilitat, donen continuïtat als programes actuals existents, i milloren les infraestructures i la qualitat ambiental dels espais. El desenvolupament del conjunt està molt lligat a la situació del nostre context actual, tant econòmic, social i medi ambiental, però que posa en qüestió el lloc i la posició de programes actuals i planejats, fent que l’estratègia d’actuació hagi de ser global per a tot el municipi i apostant per l’autosuficiència. Amb una baixa inversió inicial, mitjançant operacions mínimes de fàcil construcció, es fa que s’activi i es millori el barri. Per exemple, amb estructures de lloguer temporal que permeten la prova-error, programes que tinguin un retorn econòmic, o elements prefabricats i de fàcil muntatge. També es pren la consciència d’aprofitar al màxim les preexistències, afegint, transformant i utilitzant-les el màxim possible.</subfield>
   </datafield>
   <datafield tag="653" ind2=" " ind1=" ">
      <subfield code="a">Àrees temàtiques de la UPC::Urbanisme</subfield>
   </datafield>
   <datafield tag="653" ind2=" " ind1=" ">
      <subfield code="a">urbanization</subfield>
   </datafield>
   <datafield tag="653" ind2=" " ind1=" ">
      <subfield code="a">Espais urbans -- Aspectes ambientals</subfield>
   </datafield>
   <datafield ind2="0" ind1="0" tag="245">
      <subfield code="a">Regeneració de l'espai públic : nova centralitat a Valldoreix</subfield>
   </datafield>
</record></metadata></record></GetRecord></OAI-PMH>